| 000 | 00448nam a2200157 i 4500 | ||
|---|---|---|---|
| 001 | 87117 | ||
| 003 | ES-MaACL | ||
| 007 | t| | ||
| 008 | 041220q19001999it ||||1| ita d | ||
| 100 | 1 |
_aKoch, Umberto. _968409 |
|
| 245 | 1 | 0 |
_aTratatto scientifico di grofologia / _cUmberto Koch. |
| 250 | _a2ยช ed. | ||
| 260 |
_aBologna : _b[s.n., _c19--?] ( _fCooperativa Tipografica Mareojgiani) |
||
| 300 |
_aVI, 162 p. ; _c24 cm. |
||
| 852 |
_aES-MaACL _jB-4420 |
||
| 999 |
_c87117 _d87117 |
||